Psychology for South Australia. (Record no. 20867)
[ view plain ]
| 000 -LEADER | |
|---|---|
| fixed length control field | 01161nam a2200253 a 4500 |
| 001 - CONTROL NUMBER | |
| control field | vtls003111978 |
| 003 - CONTROL NUMBER IDENTIFIER | |
| control field | MY-SjTCS |
| 005 - DATE AND TIME OF LATEST TRANSACTION | |
| control field | 20200306153451.0 |
| 008 - FIXED-LENGTH DATA ELEMENTS--GENERAL INFORMATION | |
| fixed length control field | 110218s2005 at dao b 001 0 eng |
| 020 ## - INTERNATIONAL STANDARD BOOK NUMBER | |
| International Standard Book Number | 9780731400942 (pbk.) |
| 020 ## - INTERNATIONAL STANDARD BOOK NUMBER | |
| International Standard Book Number | 0731400941 (pbk.) |
| 039 #9 - LEVEL OF BIBLIOGRAPHIC CONTROL AND CODING DETAIL [OBSOLETE] | |
| Level of rules in bibliographic description | 201405201056 |
| Level of effort used to assign nonsubject heading access points | patrick |
| Level of effort used to assign subject headings | 201102181439 |
| Level of effort used to assign classification | VLOAD |
| Level of effort used to assign subject headings | 200811241809 |
| Level of effort used to assign classification | VLOAD |
| Level of effort used to assign subject headings | 200805131520 |
| Level of effort used to assign classification | Irma |
| -- | 200803250925 |
| -- | jamalia |
| 082 04 - DEWEY DECIMAL CLASSIFICATION NUMBER | |
| Classification number | 150 |
| Item number | CAR |
| 100 1# - MAIN ENTRY--PERSONAL NAME | |
| Personal name | Carter, Linda, |
| Dates associated with a name | 1957- |
| 9 (RLIN) | 201111 |
| 245 10 - TITLE STATEMENT | |
| Title | Psychology for South Australia. |
| Number of part/section of a work | Stage 1 / |
| Statement of responsibility, etc. | Linda Carter, John Grivas |
| 260 ## - PUBLICATION, DISTRIBUTION, ETC. | |
| Place of publication, distribution, etc. | Milton, Qld. : |
| Name of publisher, distributor, etc. | Jacaranda, |
| Date of publication, distribution, etc. | 2004. |
| 300 ## - PHYSICAL DESCRIPTION | |
| Extent | xii, 468 p. : |
| Other physical details | ill., ; |
| Dimensions | 28 cm. |
| 504 ## - BIBLIOGRAPHY, ETC. NOTE | |
| Bibliography, etc. note | Bibliography: p. 445-459 |
| 505 0# - FORMATTED CONTENTS NOTE | |
| Formatted contents note | Preface. - Acknowledgements. - 1. Nature of psychology. - 2. Research methods. - 3. Social influence. - 4. Social interaction. - 5. Intelligence. - 6. Memory. - 7. Forgetting. - 8. Thinking. - 9. Brain and behaviour. - 10. Human psychological development. - 11. Emotion. - Answers. - Glossary. - References. - Index. |
| 590 ## - LOCAL NOTE (RLIN) | |
| Local note | Psychology : 2PSC20 |
| 650 #0 - SUBJECT ADDED ENTRY--TOPICAL TERM | |
| Topical term or geographic name entry element | Psychology |
| Form subdivision | Textbooks. |
| 9 (RLIN) | 17809 |
| 700 1# - ADDED ENTRY--PERSONAL NAME | |
| Personal name | Grivas, John. |
| 9 (RLIN) | 201112 |
| 920 ## - Programme | |
| Programme | SAM : 76409, 76408 |
| Withdrawn status | Lost status | Source of classification or shelving scheme | Damaged status | Not for loan | Home library | Current library | Date acquired | Cost, normal purchase price | Total Checkouts | Barcode | Date last seen | Date last checked out | Copy number | Cost, replacement price | Koha item type | Public note | Collection code |
|---|---|---|---|---|---|---|---|---|---|---|---|---|---|---|---|---|---|
| Withdrawn | Dewey Decimal Classification | TC External Storage | TC External Storage | 27/02/2009 | 126.85 | 21 | 5000064099 | 05/12/2019 | 10/02/2015 | 1 | 126.85 | Main Collection | SAMxx,01000,03,GR | Please fill up online form at https://taylorslibrary.taylors.edu.my/services/external_storage1 | |||
| Withdrawn | Dewey Decimal Classification | Taylor's Library-TC | Taylor's Library-TC | 27/02/2009 | 126.85 | 10 | 5000064609 | 05/12/2019 | 21/04/2015 | 1 | 126.85 | Main Collection | SAMxx,01000,03,GR |